LEADER 03865nam 22006735 450 001 9910495200103321 005 20250515201748.0 010 $a3-030-73261-4 024 7 $a10.1007/978-3-030-73261-5 035 $a(CKB)4100000011990529 035 $a(MiAaPQ)EBC6684409 035 $a(Au-PeEL)EBL6684409 035 $a(DE-He213)978-3-030-73261-5 035 $a(PPN)258062517 035 $a(iGPub)SPNA0082555 035 $a(EXLCZ)994100000011990529 100 $a20210726d2021 u| 0 101 0 $aeng 135 $aurcnu|||||||| 181 $ctxt$2rdacontent 182 $cc$2rdamedia 183 $acr$2rdacarrier 200 10$aDigital Transformation in Industry $eTrends, Management, Strategies /$fedited by Vikas Kumar, Jafar Rezaei, Victoria Akberdina, Evgeny Kuzmin 205 $a1st ed. 2021. 210 1$aCham :$cSpringer International Publishing :$cImprint: Springer,$d2021. 215 $a1 online resource (290 pages) 225 1 $aLecture Notes in Information Systems and Organisation,$x2195-4976 ;$v44 311 08$a3-030-73260-6 320 $aIncludes bibliographical references and index. 327 $aIndustry 4.0: Individual perceptions about its nine technologies -- Industrial Policy: A New Reality in the Context of Digital Transformation of the Economy -- A Framework for Continuous Assessment of IT Value in Industry 4.0 -- Prerequisites and Principles of Digital Platformization of the Economy -- Modeling the digital transformation of the region?s industry -- Visual methodology for the multi-factor assessment of industrial digital transformation components -- Modeling the factors behind digitalization of the real sector of the economy -- Research on the impact of digital services on the economic performance of industrial enterprises -- Coverage of Production Chains in Cooperation Industrial Enterprises. 330 $aThis book offers a selection of the best papers presented at the international scientific conference "Digital Transformation in Industry: Trends, Management, Strategies", held by the Institute of Economics of the Ural Branch of the Russian Academy of Sciences, Russia in November 2020. The main focus of the book is to evaluate trends and perspectives of digital transformation in industry and industrial markets through the dissemination of Industry 4.0. The aim of the topics discussed is to create an idea of introduction mechanisms for digitization processes and to specify successful strategies of digital transformation in all sectors of industrial enterprises. The experience of developed and developing economies, as well as small and large enterprises implementing IT and other technological innovations are included. Students as well as managers of industrial organizations alike can benefit from the results of the topics covered. 410 0$aLecture Notes in Information Systems and Organisation,$x2195-4976 ;$v44 606 $aBusiness information services 606 $aIndustries 606 $aApplication software 606 $aMicroeconomics 606 $aIT in Business 606 $aIndustries 606 $aEnterprise Architecture 606 $aComputer and Information Systems Applications 606 $aMicroeconomics 615 0$aBusiness information services. 615 0$aIndustries. 615 0$aApplication software. 615 0$aMicroeconomics. 615 14$aIT in Business. 615 24$aIndustries. 615 24$aEnterprise Architecture. 615 24$aComputer and Information Systems Applications. 615 24$aMicroeconomics. 676 $a658.4038028563 702 $aKumar$b Vikas$c(Writer on industrial management) 801 0$bMiAaPQ 801 1$bMiAaPQ 801 2$bMiAaPQ 906 $aBOOK 912 $a9910495200103321 996 $aDigital transformation in industry$92833848 997 $aUNINA